000 00346nam a2200133Ia 4500
008 100328s9999 xx 000 0 und d
082 _b5667
100 _aनारायण जयप्रकाश
245 _aजीवनदान
260 _b---
630 _aजीवनदान
730 _aजीवनदान
942 _cBOOK
999 _c501651
_d501648